ՀՀ Գիտությունների ազգային ակադեմիայի հիմնարար գիտական գրադարան  =   Fundamental Scientific Library of NAS RA

Անի : (Record no. 185515)

MARC details
000 -LEADER
fixed length control field 01052nam a2200253 u 4500
001 - CONTROL NUMBER
control field 000501463
003 - CONTROL NUMBER IDENTIFIER
control field AM-YeHGA
005 - DATE AND TIME OF LATEST TRANSACTION
control field 20260117141912.0
008 - FIXED-LENGTH DATA ELEMENTS--GENERAL INFORMATION
fixed length control field 060926s2006 ai r 000 0 arm d
020 ## - INTERNATIONAL STANDARD BOOK NUMBER
International Standard Book Number 5808407737
040 ## - CATALOGING SOURCE
Original cataloging agency AM-YeHGA
041 0# - LANGUAGE CODE
Language code of text/sound track or separate title arm
-- rus
-- eng
090 ## - LOCALLY ASSIGNED LC-TYPE CALL NUMBER (OCLC); LOCAL CALL NUMBER (RLIN)
-- 186973
100 1# - MAIN ENTRY--PERSONAL NAME
Personal name Գեջյան, Սաթենիկ Հայկի
245 10 - TITLE STATEMENT
Title Անի :
Remainder of title Մատենագիտություն /
Statement of responsibility, etc. Ս.Հ. Գեջյան; Խմբ.՝ Մ.Մ. Հասրաթյան; ԵՊՀ.
246 11 - VARYING FORM OF TITLE
Title proper/short title Ани :
Remainder of title Библиография
246 11 - VARYING FORM OF TITLE
Title proper/short title Ani :
Remainder of title Bibliographie
260 ## - PUBLICATION, DISTRIBUTION, ETC.
Place of publication, distribution, etc. Երևան :
Name of publisher, distributor, etc. Երևանի համալս. հրատ.,
Date of publication, distribution, etc. 2006.
300 ## - PHYSICAL DESCRIPTION
Extent 336 էջ ;.
500 ## - GENERAL NOTE
General note Պատկերա-լուսանկարային նյութեր, հատակագծեր և քարտեզներ, էջ՝ 311-332
650 14 - SUBJECT ADDED ENTRY--TOPICAL TERM
Topical term or geographic name entry element Հայոց մայրաքաղաքներ
General subdivision Անի
Form subdivision Մատենագիտություն
700 1# - ADDED ENTRY--PERSONAL NAME
Personal name Հասրաթյան, Մուրադ Մարգարի,
Dates associated with a name 1935-2026
Relator term խմբ.
Relationship edt
9 (RLIN) 2368
710 2# - ADDED ENTRY--CORPORATE NAME
Corporate name or jurisdiction name as entry element Երևանի պետական համալսարան
Holdings
Withdrawn status Lost status Damaged status Not for loan Collection Home library Current library Date acquired Cost, normal purchase price Shelving control number Total checkouts Full call number Barcode Date last seen Price effective from Koha item type Public note
        General Fundamental Scientific Library Fundamental Scientific Library 28/12/2016 1700.00     AII/92016 220092016 28/12/2016 28/12/2016 Գրքեր / Books 30 Days Loan
        General Fundamental Scientific Library Fundamental Scientific Library 28/12/2016 3200.00     AII/92778 FL0031795 28/12/2016 28/12/2016 Գրքեր / Books 30 Days Loan


ՀՀ ԳԱԱ հիմնարար գիտական գրադարան
ՀՀ,Երևան 0019
Մարշալ Բաղրամյան 24/6
հեռախոս:(374-10) 52-47-50
Հետադարձ կապ

All site content, except where otherwise noted, is licensed under a
Creative Commons License